Vedas : (Record no. 49424)

000 -LEADER
fixed length control field 00424nam a22001811a 4500
020 ## - INTERNATIONAL STANDARD BOOK NUMBER
ISBN 9788170816188
082 ## - DEWEY DECIMAL CLASSIFICATION NUMBER
Classification number 294.592 1
Item number SHR/V
100 ## - MAIN ENTRY--AUTHOR NAME
Personal name Shri Ram Verma
245 ## - TITLE STATEMENT
Title Vedas :
Sub Title the source of ultimate science/
Statement of responsibility, etc by Shri Ram Verma
260 ## - PUBLICATION, DISTRIBUTION, ETC. (IMPRINT)
Place of publication Delhi:
Name of publisher Nag,
Year of publication 2005.
300 ## - PHYSICAL DESCRIPTION
Number of Pages 468p.
650 ## - SUBJECT ADDED ENTRY--TOPICAL TERM
Topical Term Vedic Literature
650 ## - SUBJECT ADDED ENTRY--TOPICAL TERM
Topical Term Hinduism
650 ## - SUBJECT ADDED ENTRY--TOPICAL TERM
Topical Term Religion
942 ## - ADDED ENTRY ELEMENTS (KOHA)
Koha item type Book
942 ## - ADDED ENTRY ELEMENTS (KOHA)
Koha item type Book
942 ## - ADDED ENTRY ELEMENTS (KOHA)
Koha item type Book
Holdings
Withdrawn status Lost status Damaged status Not for loan Permanent Location Current Location Date acquired Cost, normal purchase price Full call number Accession Number Cost, replacement price Price effective from Koha item type
        Sree Sankaracharya University of Sanskrit Sree Sankaracharya University of Sanskrit 08.01.2015 300.00 294.592 1 SHR/V 058116 0.00 08.01.2015 Book
        Sree Sankaracharya University of Sanskrit Sree Sankaracharya University of Sanskrit 08.01.2015 300.00 294.592 1 SHR/V 058117 0.00 08.01.2015 Book
        Sree Sankaracharya University of Sanskrit Sree Sankaracharya University of Sanskrit 08.01.2015 300.00 294.592 1 SHR/V 058118 0.00 08.01.2015 Book